[Event "Natal U15 op"]
[Site "Natal"]
[Date "2013.11.09"]
[Round "3"]
[White "Rodrigues, Fernanda dos Santos"]
[Black "Braun, Isadora"]
[Result "1-0"]
[WhiteElo "1909"]
[BlackElo "1901"]
[PlyCount "35"]
[EventDate "2013.11.08"]
[EventType "swiss"]
[EventRounds "5"]
[EventCountry "BRA"]
[SourceTitle "EXT 2016"]
[Source "ChessBase"]
[SourceDate "2015.10.08"]
[SourceVersion "1"]
[SourceVersionDate "2015.10.08"]
[SourceQuality "1"]

1. d4 Nf6 2. c4 c5 3. d5 b5 4. cxb5 a6 5. e3 axb5 6. Bxb5 Qa5+ 7. Nc3 Ne4 8. Nge2 Ba6 9. Bxa6 Nxa6 10. 0-0 Nd6 11. e4 Nb7 12. Bf4 d6 13. e5 dxe5 14. Bxe5 Nd6 15. Re1 Nc4 16. Nf4 Rd8 17. Qe2 Nd6 18. Bxg7 1-0

[Event "Natal U15 op"]
[Site "Natal"]
[Date "2013.11.09"]
[Round "4"]
[White "Souza, Bruna Garcia De"]
[Black "Rodrigues, Fernanda dos Santos"]
[Result "0-1"]
[WhiteElo "1798"]
[BlackElo "1909"]
[PlyCount "56"]
[EventDate "2013.11.08"]
[EventType "swiss"]
[EventRounds "5"]
[EventCountry "BRA"]
[SourceTitle "EXT 2016"]
[Source "ChessBase"]
[SourceDate "2015.10.08"]
[SourceVersion "1"]
[SourceVersionDate "2015.10.08"]
[SourceQuality "1"]

1. d4 Nf6 2. e3 e6 3. Bd3 Be7 4. f4 c5 5. c3 Qc7 6. Nf3 b6 7. 0-0 Bb7 8. Nbd2 cxd4 9. Nxd4 Na6 10. N4b3 Nc5 11. Bc2 h5 12. Nf3 h4 13. h3 Ba6 14. Re1 Nce4 15. Bd3 Bb7 16. Nbd2 Ng3 17. Nf1 Nfe4 18. Bxe4 Nxe4 19. N3d2 Nf6 20. Nf3 Bc5 21. Nd4 Rh6 22. b4 Rg6 23. Nf3 Be7 24. Bb2 Ne4 25. Qd3 d6 26. N1d2 Nxd2 27. Nxd2 Rxg2+ 28. Kf1 Rh2 0-1

[Event "Natal U15 op"]
[Site "Natal"]
[Date "2013.11.08"]
[Round "1"]
[White "Rodrigues, Fernanda dos Santos"]
[Black "Gattamorta, Julia Marzanatti"]
[Result "1-0"]
[WhiteElo "1909"]
[BlackElo "1795"]
[PlyCount "31"]
[EventDate "2013.11.08"]
[EventType "swiss"]
[EventRounds "5"]
[EventCountry "BRA"]
[SourceTitle "EXT 2016"]
[Source "ChessBase"]
[SourceDate "2015.10.08"]
[SourceVersion "1"]
[SourceVersionDate "2015.10.08"]
[SourceQuality "1"]

1. e4 e6 2. d4 d5 3. Nd2 dxe4 4. Nxe4 Nd7 5. Nf3 Ngf6 6. Bg5 Be7 7. Nxf6+ Nxf6 8. Bd3 0-0 9. 0-0 b6 10. Ne5 Bb7 11. Re1 Rc8 12. Re3 c5 13. Bxf6 Bxf6 14. Bxh7+ Kh8 15. Qh5 Qe7 16. Bg6+ 1-0

[Event "BRA-ch U20 Girls"]
[Site "Shelton"]
[Date "2013.06.16"]
[Round "7"]
[White "Montufar Berrios, Lesly Viviane"]
[Black "Rodrigues, Fernanda dos Santos"]
[Result "0-1"]
[WhiteElo "1805"]
[BlackElo "1866"]
[PlyCount "106"]
[EventDate "2013.06.13"]
[EventType "swiss"]
[EventRounds "7"]
[EventCountry "BRA"]
[SourceTitle "CBM 154 Extra"]
[Source "ChessBase"]
[SourceDate "2013.06.25"]
[SourceVersion "2"]
[SourceVersionDate "2013.06.25"]
[SourceQuality "1"]

1. c4 e5 2. Nc3 Nc6 3. Nf3 f5 4. e4 d6 5. d4 exd4 6. Nxd4 Nxd4 7. Qxd4 Qf6 8. Qe3 c6 9. Bd3 Be7 10. Bd2 Nh6 11. f4 Ng4 12. Qf3 Qd4 13. Bc2 fxe4 14. Bxe4 0-0 15. h3 Ne5 16. Qe2 Bh4+ 17. Kf1 Nxc4 18. Rd1 Nxd2+ 19. Rxd2 Rxf4+ 20. Bf3 Qe5 21. Qxe5 dxe5 22. Ke2 Be6 23. Ne4 Bc4+ 24. Ke3 Bd8 25. Kf2 Bb6+ 26. Kg3 Bd5 27. Re1 Raf8 28. Ng5 Bxf3 29. Ne6 Bd5 30. Nxf8 Rxf8 31. Rxe5 Bc7 32. Rde2 Rf5 33. Kg4 Rxe5 34. Rd2 h5+ 35. Kh4 Bf7 36. Rd7 Re4+ 37. g4 Bf4 38. Rd8+ Kh7 39. gxh5 Bc7+ 40. Kg5 Bxd8+ 41. Kf5 Re2 42. Kf4 Rxb2 43. Ke3 Bg5+ 44. Kd3 Bd5 45. Kd4 Bf6+ 46. Kc5 b6+ 47. Kd6 Kg8 48. Kc7 Kf8 49. Kd6 Re2 50. a4 Ke8 51. a5 Bd8 52. axb6 axb6 53. h6 Re6# 0-1

[Event "BRA-ch U20 Girls"]
[Site "Shelton"]
[Date "2013.06.14"]
[Round "3"]
[White "Hoshino, Karen M"]
[Black "Rodrigues, Fernanda dos Santos"]
[Result "0-1"]
[WhiteElo "1618"]
[BlackElo "1866"]
[PlyCount "82"]
[EventDate "2013.06.13"]
[EventType "swiss"]
[EventRounds "7"]
[EventCountry "BRA"]
[SourceTitle "CBM 154 Extra"]
[Source "ChessBase"]
[SourceDate "2013.06.25"]
[SourceVersion "2"]
[SourceVersionDate "2013.06.25"]
[SourceQuality "1"]

1. d4 Nf6 2. Nf3 e6 3. Bg5 d5 4. e3 Be7 5. c3 0-0 6. Bd3 Nbd7 7. 0-0 b6 8. Nbd2 Bb7 9. Ne5 Ne4 10. Bxe7 Qxe7 11. Nxd7 Qxd7 12. Nf3 h6 13. Rc1 c5 14. dxc5 Nxc5 15. Nd4 Nxd3 16. Qxd3 e5 17. Ne2 a5 18. Rfd1 Qg4 19. Ng3 f5 20. c4 f4 21. f3 Qg5 22. exf4 exf4 23. Nf1 d4 24. Nd2 Rae8 25. Re1 Re3 26. Rxe3 fxe3 27. Ne4 Qh4 28. Ng3 Qf6 29. Rd1 Re8 30. Re1 Rd8 31. b3 Bc6 32. Ne4 Qh4 33. Ng3 Qf6 34. Ne4 Qf4 35. Ng3 Qg5 36. Ne4 Bxe4 37. Qxe4 d3 38. f4 d2 39. Rd1 Qg4 40. Qc2 e2 41. Rxd2 e1Q# 0-1

[Event "BRA-ch U20 Girls"]
[Site "Shelton"]
[Date "2013.06.14"]
[Round "4"]
[White "Rodrigues, Fernanda dos Santos"]
[Black "Medeiros, Thauane Ferreira"]
[Result "1-0"]
[WhiteElo "1866"]
[BlackElo "1844"]
[PlyCount "51"]
[EventDate "2013.06.13"]
[EventType "swiss"]
[EventRounds "7"]
[EventCountry "BRA"]
[SourceTitle "CBM 154 Extra"]
[Source "ChessBase"]
[SourceDate "2013.06.25"]
[SourceVersion "2"]
[SourceVersionDate "2013.06.25"]
[SourceQuality "1"]

1. e4 c6 2. d4 d6 3. f4 Qc7 4. Nf3 Nd7 5. Bc4 e6 6. 0-0 Ngf6 7. e5 Nd5 8. f5 N7b6 9. Bb3 c5 10. c4 Ne7 11. fxe6 Bxe6 12. d5 Bg4 13. Nc3 a6 14. exd6 Qxd6 15. Ne4 Qd7 16. Qe1 Bxf3 17. Rxf3 0-0-0 18. Rxf7 Qe8 19. Qf2 Ng6 20. Nxc5 Qxf7 21. Qxf7 Bxc5+ 22. Kh1 Rhf8 23. Qe6+ Nd7 24. Bg5 Rde8 25. Qh3 Re2 26. Ba4 1-0

[Event "BRA-ch U20 Girls"]
[Site "Shelton"]
[Date "2013.06.13"]
[Round "2"]
[White "Rodrigues, Fernanda dos Santos"]
[Black "Schucman, Rebeca Lot"]
[Result "1-0"]
[WhiteElo "1866"]
[BlackElo "1693"]
[PlyCount "75"]
[EventDate "2013.06.13"]
[EventType "swiss"]
[EventRounds "7"]
[EventCountry "BRA"]
[SourceTitle "CBM 154 Extra"]
[Source "ChessBase"]
[SourceDate "2013.06.25"]
[SourceVersion "2"]
[SourceVersionDate "2013.06.25"]
[SourceQuality "1"]

1. e4 c5 2. Nc3 Nc6 3. f4 e6 4. Nf3 d5 5. Bb5 Nge7 6. 0-0 a6 7. Bxc6+ Nxc6 8. d3 Be7 9. Qe1 0-0 10. Qg3 f5 11. Kh1 d4 12. Nd1 b5 13. a4 Bb7 14. Nf2 Nb4 15. Ne1 Bh4 16. Qh3 Be7 17. c3 Nc6 18. Bd2 b4 19. c4 Na5 20. Ra2 Nb3 21. Nf3 Rf6 22. Bc1 Nxc1 23. Rxc1 Rh6 24. Qg3 fxe4 25. Nxe4 Bxe4 26. dxe4 Bh4 27. Qg4 Bf6 28. Qxe6+ Kh8 29. Qf5 Ra7 30. Qxc5 Rb7 31. e5 Be7 32. Qxd4 Rd7 33. Qg1 Bh4 34. Raa1 Bg3 35. Rd1 Bxf4 36. Rxd7 Qxd7 37. Rd1 Qf7 38. Rd8+ 1-0

[Event "FENAJ-ch U18 Girls"]
[Site "Brazil"]
[Date "2013.05.31"]
[Round "2"]
[White "Righini, Luisa"]
[Black "Rodrigues, Fernanda dos Santos"]
[Result "1/2-1/2"]
[WhiteElo "1905"]
[BlackElo "1866"]
[PlyCount "126"]
[EventDate "2013.05.30"]
[EventType "swiss"]
[EventRounds "5"]
[EventCountry "BRA"]
[SourceTitle "EXT 2015"]
[Source "ChessBase"]
[SourceDate "2014.11.20"]
[SourceVersion "1"]
[SourceVersionDate "2014.11.20"]
[SourceQuality "1"]

1. e4 c5 2. Nf3 e6 3. d3 Nc6 4. g3 g6 5. Bg2 Bg7 6. 0-0 Nge7 7. Nbd2 0-0 8. Re1 d6 9. Nf1 Rb8 10. h4 b5 11. N1h2 b4 12. Ng4 Qb6 13. Nh6+ Kh8 14. Rb1 Nd4 15. Nxd4 Bxd4 16. Qf3 f5 17. Bg5 Ng8 18. Rf1 Bb7 19. Qe2 Rbe8 20. Nxg8 Kxg8 21. Bh6 Bg7 22. Bxg7 Kxg7 23. c4 f4 24. b3 e5 25. Bf3 Bc6 26. Kg2 a5 27. Rh1 a4 28. h5 Qd8 29. Rh2 Qg5 30. Rbh1 axb3 31. axb3 Rh8 32. hxg6 hxg6 33. Rxh8 Rxh8 34. Rxh8 Kxh8 35. Qa2 fxg3 36. fxg3 Qe7 37. Qa6 Qc7 38. Qa1 Kg7 39. Qf1 Bd7 40. Bd1 Qc8 41. Qf2 Qa6 42. g4 g5 43. Qd2 Kg6 44. Kg3 Qa1 45. Bf3 Qg1+ 46. Bg2 Qb1 47. Bf3 Qxb3 48. Qh2 Qxd3 49. Qh5+ Kf6 50. Qh6+ Kf7 51. Qh7+ Kf6 52. Qh6+ Kf7 53. Qh7+ Kf8 54. Qxd7 b3 55. Qd8+ Kf7 56. Qd7+ Kf6 57. Qd8+ Kf7 58. Qd7+ Kf8 59. Qd8+ Kf7 60. Qd7+ Kf6 61. Qd8+ Kf7 62. Qd7+ Kf8 63. Qd8+ Kf7 1/2-1/2

[Event "BRA Schools Olympid"]
[Site "Cuiaba"]
[Date "2012.12.02"]
[Round "5"]
[White "Fontella, Amanda Karsburg"]
[Black "Rodrigues, Fernanda dos Santos"]
[Result "0-1"]
[WhiteElo "1729"]
[BlackElo "1866"]
[PlyCount "44"]
[EventDate "2012.11.30"]
[EventType "swiss"]
[EventRounds "5"]
[EventCountry "BRA"]
[SourceTitle "EXT 2022"]
[Source "ChessBase"]
[SourceDate "2021.10.06"]
[SourceVersion "1"]
[SourceVersionDate "2021.10.06"]
[SourceQuality "1"]

1. e4 c5 2. Nf3 e6 3. d4 cxd4 4. Nxd4 Nf6 5. Bd3 d6 6. Nc3 Be7 7. 0-0 0-0 8. Be3 a6 9. a4 b6 10. Qe2 Bb7 11. Rad1 Qc7 12. f4 Nbd7 13. Nb3 Nc5 14. Nxc5 bxc5 15. Qf3 d5 16. exd5 exd5 17. Nxd5 Bxd5 18. Qg3 Rfe8 19. Rfe1 c4 20. Be2 Bc5 21. Bxc5 Qxc5+ 22. Kh1 Ne4 0-1

[Event "Pan American-ch U20 Girls"]
[Site "Sao Paulo"]
[Date "2012.07.02"]
[Round "6"]
[White "Rodrigues, Fernanda dos Santos"]
[Black "Cancio Bello Ayes, Flavia"]
[Result "0-1"]
[WhiteElo "1890"]
[BlackElo "2156"]
[PlyCount "66"]
[EventDate "2012.06.29"]
[EventType "swiss"]
[EventRounds "9"]
[EventCountry "BRA"]
[SourceTitle "CBM 149 Extra"]
[Source "ChessBase"]
[SourceDate "2012.08.24"]
[SourceVersion "1"]
[SourceVersionDate "2012.08.24"]
[SourceQuality "1"]

1. e4 c5 2. Nc3 Nc6 3. f4 g6 4. Nf3 Bg7 5. Bc4 e6 6. 0-0 Nge7 7. Qe1 0-0 8. d3 d5 9. Bb3 a6 10. f5 dxe4 11. dxe4 exf5 12. Qh4 b5 13. Ng5 h6 14. Nxf7 Rxf7 15. Bxf7+ Kxf7 16. Be3 Bd4 17. Qxh6 Bxe3+ 18. Qxe3 Qd4 19. Rae1 Be6 20. exf5 Nxf5 21. Qxd4 cxd4 22. Ne4 Kg7 23. Ng5 Bc4 24. Rf4 Ne3 25. Rf2 Nb4 26. b3 Bd5 27. c3 Nd3 28. Rfe2 Nxe1 29. Rxe1 Nxg2 30. Rd1 Nf4 31. cxd4 Re8 32. Rd2 Kf6 33. h4 Re2 0-1

[Event "BRA-ch U16 Girls"]
[Site "Sao Paulo"]
[Date "2012.04.29"]
[Round "3"]
[White "Ichimura G Barbosa, Larissa Yuki"]
[Black "Rodrigues, Fernanda dos Santos"]
[Result "1/2-1/2"]
[WhiteElo "1713"]
[BlackElo "1891"]
[PlyCount "87"]
[EventDate "2012.04.28"]
[EventType "swiss"]
[EventRounds "7"]
[EventCountry "BRA"]
[SourceTitle "CBM 148 Extra"]
[Source "ChessBase"]
[SourceDate "2012.06.22"]
[SourceVersion "1"]
[SourceVersionDate "2012.06.22"]
[SourceQuality "1"]

1. e4 e6 2. d3 d5 3. Nd2 Nf6 4. Ngf3 c5 5. g3 Nc6 6. Bg2 b6 7. 0-0 Bb7 8. Re1 Be7 9. c3 Qc7 10. a3 a5 11. a4 0-0-0 12. e5 Nd7 13. d4 g5 14. Nb1 g4 15. Ng5 Bxg5 16. Bxg5 Rdg8 17. Bf4 h5 18. Na3 Na7 19. b4 c4 20. bxa5 bxa5 21. Nb5 Nxb5 22. axb5 h4 23. Qa4 Qb6 24. Qxa5 Kc7 25. Qb4 hxg3 26. Bxg3 Ra8 27. Rxa8 Rxa8 28. Bh4 Ra5 29. Rb1 Bc8 30. Be7 Ra2 31. Bd6+ Kd8 32. Be7+ Kc7 33. Bc5 Qa5 34. b6+ Kb7 35. Qxc4 Nxc5 36. dxc5 Kc6 37. Qb3 Bb7 38. c4 Kxc5 39. cxd5 Qd2 40. Qb5+ Kd4 41. Qb4+ Qxb4 42. Rxb4+ Kxe5 43. Rb5 exd5 44. h3 1/2-1/2

[Event "BRA-ch (Women)"]
[Site "Sao Jose do Rio Preto"]
[Date "2012.03.24"]
[Round "4"]
[White "Rodrigues, Fernanda dos Santos"]
[Black "Vescovi, Katherine Lemos"]
[Result "1-0"]
[WhiteElo "1891"]
[BlackElo "1706"]
[PlyCount "167"]
[EventDate "2012.03.22"]
[EventType "swiss"]
[EventRounds "7"]
[EventCountry "BRA"]
[SourceTitle "CBM 147 Extra"]
[Source "ChessBase"]
[SourceDate "2012.04.24"]
[SourceVersion "1"]
[SourceVersionDate "2012.04.24"]
[SourceQuality "1"]

1. d4 c5 2. d5 Nf6 3. c4 g6 4. Nc3 Bg7 5. Nf3 0-0 6. Bg5 d6 7. e3 Bg4 8. Be2 Nbd7 9. Nd2 Bxe2 10. Qxe2 a6 11. 0-0 Rb8 12. a4 Qb6 13. Nf3 Rfe8 14. Rfd1 Qc7 15. Rd2 Ng4 16. h3 Nge5 17. Nxe5 Bxe5 18. f4 Bg7 19. Qd3 Qa5 20. Ra3 Nb6 21. Nb1 Nxa4 22. b3 b5 23. Rd1 Nb2 24. Rxa5 Nxd3 25. cxb5 Nb2 26. Rc1 axb5 27. Na3 Ra8 28. Rxa8 Rxa8 29. Nxb5 Rb8 30. Na7 f6 31. Bh4 Rxb3 32. Rc2 Nd1 33. e4 Nc3 34. Nc6 Kf7 35. Be1 Nxe4 36. Re2 f5 37. Kh2 Rd3 38. Nd8+ Ke8 39. Ne6 Rxd5 40. Nc7+ Kd7 41. Nxd5 e6 42. Ne3 d5 43. Ra2 Bc3 44. Bxc3 Nxc3 45. Ra6 d4 46. Nc4 Nd5 47. g3 Nb4 48. Rb6 Nd5 49. Rd6+ Ke7 50. Ra6 Kd7 51. Ne5+ Ke7 52. Ra7+ Kd8 53. Kg1 Nf6 54. Kf1 Ne4 55. g4 fxg4 56. hxg4 h5 57. gxh5 gxh5 58. Rh7 Nf6 59. Rf7 Nd5 60. Ke2 Ke8 61. Kd3 h4 62. Kc4 h3 63. Kxc5 d3 64. Ra7 h2 65. Ra1 Nxf4 66. Kd6 Kf8 67. Nf3 d2 68. Nxd2 Ne2 69. Nf3 e5 70. Kxe5 Kg7 71. Nxh2 Kf7 72. Ra6 Ke7 73. Ra7+ Kd8 74. Kd6 Kc8 75. Nf3 Nf4 76. Rd7 Ng6 77. Kc6 Nf8 78. Ra7 Kb8 79. Re7 Ng6 80. Rg7 Nf4 81. Nd4 Nd3 82. Rg8+ Ka7 83. Nb5+ Ka6 84. Ra8# 1-0

[Event "BRA-ch (Women)"]
[Site "Sao Jose do Rio Preto"]
[Date "2012.03.23"]
[Round "2"]
[White "Rodrigues, Fernanda dos Santos"]
[Black "Gazola, Vanessa Ramos"]
[Result "0-1"]
[WhiteElo "1891"]
[BlackElo "2020"]
[PlyCount "78"]
[EventDate "2012.03.22"]
[EventType "swiss"]
[EventRounds "7"]
[EventCountry "BRA"]
[SourceTitle "CBM 147 Extra"]
[Source "ChessBase"]
[SourceDate "2012.04.24"]
[SourceVersion "1"]
[SourceVersionDate "2012.04.24"]
[SourceQuality "1"]

1. d4 Nf6 2. c4 g6 3. Nf3 Bg7 4. Nc3 d5 5. cxd5 Nxd5 6. e4 Nxc3 7. bxc3 c5 8. Be3 Qa5 9. Qd2 cxd4 10. cxd4 Qxd2+ 11. Nxd2 0-0 12. Rb1 b6 13. Bd3 Nc6 14. d5 Na5 15. 0-0 e6 16. Nc4 Ba6 17. Ne5 Bxd3 18. Nxd3 exd5 19. exd5 Rfd8 20. Nb4 Bf8 21. Rfd1 Nc4 22. Bg5 Rd7 23. Nc6 Nd6 24. Rd3 Ne4 25. Bf4 Rc8 26. Re1 Nd6 27. h3 Nb5 28. a4 Nd6 29. Rde3 f6 30. Re6 Kf7 31. Nxa7 Rc4 32. Bxd6 Rxd6 33. Rxd6 Bxd6 34. Nb5 Be5 35. Rxe5 Rc1+ 36. Kh2 fxe5 37. f3 Ke7 38. g4 Rc4 39. Kg3 Rxa4 0-1

[Event "BRA-ch U25"]
[Site "Sao Paulo"]
[Date "2012.02.19"]
[Round "3"]
[White "Rodrigues, Fernanda dos Santos"]
[Black "Melges, Rodrigo"]
[Result "1-0"]
[WhiteElo "1902"]
[BlackElo "1736"]
[PlyCount "83"]
[EventDate "2012.02.18"]
[EventType "swiss"]
[EventRounds "7"]
[EventCountry "BRA"]
[SourceTitle "CBM 147 Extra"]
[Source "ChessBase"]
[SourceDate "2012.04.24"]
[SourceVersion "1"]
[SourceVersionDate "2012.04.24"]
[SourceQuality "1"]

1. d4 Nf6 2. c4 e6 3. Nf3 d5 4. Bg5 Be7 5. Nc3 dxc4 6. e3 c5 7. Bxc4 Nc6 8. Bb5 Qc7 9. Ne5 Bd7 10. Nxd7 Nxd7 11. Bxe7 Nxe7 12. dxc5 Rd8 13. b4 0-0 14. Qb3 a6 15. Be2 Nf5 16. 0-0 Ne5 17. Rad1 Rc8 18. h3 Qc6 19. e4 Ne7 20. Rd6 Qc7 21. Rfd1 Rfd8 22. Qa4 N5g6 23. g3 Rxd6 24. Rxd6 Rd8 25. Qd1 Rxd6 26. Qxd6 Qxd6 27. cxd6 Nc6 28. f4 e5 29. Nd5 Kf8 30. f5 Nh8 31. f6 gxf6 32. b5 axb5 33. Bxb5 Nd8 34. Nxf6 Kg7 35. Ne8+ Kg8 36. h4 Ng6 37. h5 Nf8 38. h6 Nfe6 39. Nf6+ Kh8 40. a4 Nc5 41. Kg2 Nde6 42. Ng4 1-0

[Event "BRA-ch U25"]
[Site "Sao Paulo"]
[Date "2012.02.18"]
[Round "2"]
[White "Cruz, William Ferreira Da"]
[Black "Rodrigues, Fernanda dos Santos"]
[Result "1-0"]
[WhiteElo "2152"]
[BlackElo "1902"]
[PlyCount "65"]
[EventDate "2012.02.18"]
[EventType "swiss"]
[EventRounds "7"]
[EventCountry "BRA"]
[SourceTitle "CBM 147 Extra"]
[Source "ChessBase"]
[SourceDate "2012.04.24"]
[SourceVersion "1"]
[SourceVersionDate "2012.04.24"]
[SourceQuality "1"]

1. d4 Nf6 2. c4 e6 3. Nc3 Bb4 4. e3 Bxc3+ 5. bxc3 c5 6. Bd3 Nc6 7. Ne2 d6 8. 0-0 0-0 9. e4 e5 10. d5 Ne7 11. Bg5 Ng6 12. f4 Bg4 13. fxe5 Nxe5 14. Bxf6 gxf6 15. Qd2 Bxe2 16. Bxe2 Kh8 17. Qh6 Ng6 18. Rf5 Rg8 19. Raf1 Rg7 20. Rxf6 Qe7 21. Bh5 Rag8 22. Bxg6 Rxg6 23. Rxg6 Rxg6 24. Qf4 Kg7 25. Rf3 h5 26. h3 a6 27. Re3 Rg5 28. Kh2 h4 29. Kh1 Re5 30. g3 f5 31. gxh4 Rxe4 32. Rg3+ Kh8 33. Qh6+ 1-0

[Event "BRA-ch U25"]
[Site "Sao Paulo"]
[Date "2012.02.18"]
[Round "1"]
[White "Rodrigues, Fernanda dos Santos"]
[Black "Rodrigues, Tiago Pereira"]
[Result "0-1"]
[WhiteElo "1902"]
[BlackElo "2119"]
[PlyCount "82"]
[EventDate "2012.02.18"]
[EventType "swiss"]
[EventRounds "7"]
[EventCountry "BRA"]
[SourceTitle "CBM 147 Extra"]
[Source "ChessBase"]
[SourceDate "2012.04.24"]
[SourceVersion "1"]
[SourceVersionDate "2012.04.24"]
[SourceQuality "1"]

1. d4 Nf6 2. c4 c5 3. d5 e5 4. Nc3 d6 5. Qc2 Nbd7 6. a3 Be7 7. e4 a6 8. f4 exf4 9. Bxf4 0-0 10. Nf3 Ng4 11. Bd3 Nde5 12. 0-0 Bf6 13. Nxe5 Nxe5 14. Be2 Bd7 15. Nd1 b5 16. Ne3 g6 17. Rab1 Rb8 18. b4 Rc8 19. cxb5 axb5 20. bxc5 Rxc5 21. Qd2 Bg7 22. Rb3 Qe7 23. Rb4 Ra8 24. Qa2 Rac8 25. Qb1 Nc4 26. Bxc4 bxc4 27. Rb6 Be5 28. Bxe5 Qxe5 29. Rb7 R5c7 30. Rxc7 Rxc7 31. Qb8+ Rc8 32. Qb7 Qe8 33. Qb1 c3 34. Rf2 h5 35. Qd3 Bb5 36. Qd4 Qe5 37. Qa7 Be8 38. Qa6 Rc5 39. Qd3 Bb5 40. Qb1 Qd4 41. a4 Qxe3 0-1

[Event "BRA pre olympic (Women) 6th"]
[Site "Sao Paulo"]
[Date "2011.10.15"]
[Round "3"]
[White "Rodrigues, Fernanda dos Santos"]
[Black "Vescovi, Katherine Lemos"]
[Result "1-0"]
[WhiteElo "1940"]
[BlackElo "1725"]
[PlyCount "91"]
[EventDate "2011.10.14"]
[EventType "swiss"]
[EventRounds "6"]
[EventCountry "BRA"]
[SourceTitle "EXT 2014"]
[Source "ChessBase"]
[SourceDate "2013.11.20"]
[SourceVersion "1"]
[SourceVersionDate "2013.11.20"]
[SourceQuality "1"]

1. d4 Nf6 2. c4 g6 3. Nf3 Bg7 4. Bf4 0-0 5. h3 e6 6. Nc3 d5 7. e3 a6 8. cxd5 Nxd5 9. Nxd5 exd5 10. Qc2 c6 11. Bd3 Nd7 12. 0-0 Nf6 13. b4 Ne4 14. a4 Bf5 15. Rfc1 Rc8 16. Qe2 c5 17. bxc5 Nxc5 18. Bxf5 gxf5 19. Be5 Bxe5 20. Nxe5 Nb3 21. Rxc8 Qxc8 22. Rb1 Na5 23. Qb2 f6 24. Nf3 Rf7 25. Qb4 Nc4 26. Ne1 Rg7 27. Nd3 Kh8 28. Qc5 Qxc5 29. Nxc5 Nd6 30. Rb6 Nc4 31. Rxf6 b5 32. Rxa6 b4 33. Rf6 Na5 34. Rb6 Rf7 35. Rxb4 f4 36. Ne6 Nc6 37. Rb6 fxe3 38. fxe3 Ne7 39. a5 h6 40. Rb7 Kg8 41. a6 Nc8 42. Rxf7 Kxf7 43. Nc7 Kf6 44. Nxd5+ Ke6 45. Nc3 Kd6 46. e4 1-0

[Event "Registro Preolimpic (Women) 4th"]
[Site "Registro"]
[Date "2011.07.29"]
[Round "2.1"]
[White "Rodrigues, Fernanda dos Santos"]
[Black "Feliciano Ebert, Vanessa"]
[Result "0-1"]
[WhiteElo "1945"]
[BlackElo "2155"]
[PlyCount "80"]
[EventDate "2011.07.29"]
[EventType "swiss"]
[EventRounds "6"]
[EventCountry "BRA"]
[SourceTitle "EXT 2022"]
[Source "ChessBase"]
[SourceDate "2021.10.06"]
[SourceVersion "1"]
[SourceVersionDate "2021.10.06"]
[SourceQuality "1"]

1. e4 d6 2. Nc3 g6 3. Bc4 Bg7 4. f4 Nf6 5. d3 c6 6. Nf3 0-0 7. 0-0 b5 8. Bb3 a5 9. a4 Na6 10. Qe1 Nc5 11. Ba2 b4 12. Nd1 b3 13. Bxb3 Nxb3 14. cxb3 Qb6+ 15. Be3 Qxb3 16. Ra3 Qb8 17. h3 Ba6 18. Bd2 Qb6+ 19. Kh2 Bb7 20. Be3 c5 21. Qh4 Qa6 22. e5 Nd5 23. f5 Nxe3 24. Nxe3 dxe5 25. Qxe7 Rfe8 26. Qh4 e4 27. Ng5 h6 28. fxg6 fxg6 29. Nxe4 Rf8 30. Rxf8+ Rxf8 31. Nxc5 Qd6+ 32. Kg1 Qxc5 33. Qc4+ Qxc4 34. dxc4 Bxb2 35. Rb3 Bd4 36. Rxb7 Bxe3+ 37. Kh2 Bf4+ 38. Kh1 Rc8 39. c5 Rxc5 40. Rb1 Rc1+ 0-1

[Event "Pan American-ch U16 Girls"]
[Site "Cali"]
[Date "2011.07.06"]
[Round "5"]
[White "Rodrigues, Fernanda dos Santos"]
[Black "Castrillon Gomez, Melissa"]
[Result "0-1"]
[WhiteElo "1921"]
[BlackElo "2071"]
[PlyCount "100"]
[EventDate "2011.07.03"]
[EventType "swiss"]
[EventRounds "9"]
[EventCountry "COL"]
[SourceTitle "CBM 143 Extra"]
[Source "ChessBase"]
[SourceDate "2011.08.29"]
[SourceVersion "1"]
[SourceVersionDate "2011.08.29"]
[SourceQuality "1"]

1. e4 g6 2. Nc3 Bg7 3. Bc4 e6 4. d3 Ne7 5. Bb3 d5 6. exd5 exd5 7. Nge2 0-0 8. 0-0 Na6 9. Bf4 Nc5 10. d4 Nxb3 11. axb3 c6 12. Ng3 Nf5 13. Nce2 Re8 14. Qd2 Qb6 15. Rfe1 Be6 16. Rad1 h5 17. Be5 h4 18. Nxf5 Bxf5 19. Bxg7 Kxg7 20. Nc1 h3 21. gxh3 Rh8 22. Re3 Bxh3 23. Rg3 Rh5 24. Ne2 Bf5 25. Nf4 Rh6 26. Qe3 Qc7 27. c4 Rah8 28. Rg2 Rh4 29. Ne2 Rxh2 30. Ng3 Rxg2+ 31. Kxg2 Bh3+ 32. Kg1 Qd7 33. cxd5 Qxd5 34. Qe5+ Qxe5 35. dxe5 Be6 36. Rd4 Bd5 37. b4 Kf8 38. Kf1 Ke7 39. Ke1 Ke6 40. f4 g5 41. fxg5 Kxe5 42. Rg4 Rh2 43. b3 Rg2 44. g6 f5 45. Rg5 Kf4 46. Rxf5+ Kxg3 47. g7 Kh2 48. Rh5+ Kg1 49. Rh7 Bg8 50. Rh3 Rxg7 0-1

[Event "Pan American-ch U16 Girls"]
[Site "Cali"]
[Date "2011.07.05"]
[Round "4"]
[White "Rodrigues, Fernanda dos Santos"]
[Black "Brito Heredia, Danya Silvana"]
[Result "1-0"]
[WhiteElo "1921"]
[BlackElo "1780"]
[PlyCount "61"]
[EventDate "2011.07.03"]
[EventType "swiss"]
[EventRounds "9"]
[EventCountry "COL"]
[SourceTitle "CBM 143 Extra"]
[Source "ChessBase"]
[SourceDate "2011.08.29"]
[SourceVersion "1"]
[SourceVersionDate "2011.08.29"]
[SourceQuality "1"]

1. d4 Nf6 2. c4 d6 3. Nc3 Nbd7 4. Nf3 g6 5. Bf4 Bg7 6. h3 0-0 7. e3 b6 8. Be2 Bb7 9. 0-0 Re8 10. Bh2 e5 11. dxe5 dxe5 12. Qc2 e4 13. Nd4 a6 14. b4 Nf8 15. Rad1 Qe7 16. b5 a5 17. Nc6 Bxc6 18. bxc6 Rad8 19. Rxd8 Rxd8 20. Rd1 Rxd1+ 21. Qxd1 Ne6 22. Nd5 Qe8 23. Nxf6+ Bxf6 24. Qd5 Qd8 25. Bg4 Nc5 26. Bd1 Be7 27. Bc2 Kf8 28. Be5 f5 29. g4 Qxd5 30. cxd5 Na6 31. Bd1 1-0

[Event "BRA-ch U16 Girls"]
[Site "Foz do Iguacu"]
[Date "2011.06.12"]
[Round "5.1"]
[White "Rodrigues, Fernanda dos Santos"]
[Black "Dall Orsoletta, Alaize"]
[Result "1/2-1/2"]
[WhiteElo "1921"]
[BlackElo "1739"]
[PlyCount "51"]
[EventDate "2011.06.10"]
[EventType "swiss"]
[EventRounds "6"]
[EventCountry "BRA"]
[SourceTitle "EXT 2022"]
[Source "ChessBase"]
[SourceDate "2021.10.06"]
[SourceVersion "1"]
[SourceVersionDate "2021.10.06"]
[SourceQuality "1"]

1. e4 c5 2. Nc3 Nc6 3. f4 e6 4. Nf3 d5 5. d3 Nf6 6. e5 Ng8 7. g3 Nh6 8. Bg2 Be7 9. d4 Nf5 10. Ne2 0-0 11. 0-0 cxd4 12. Kh1 Qb6 13. a3 Rd8 14. Qd3 a5 15. g4 Ne3 16. Bxe3 dxe3 17. Ned4 Nxd4 18. Nxd4 Bc5 19. c3 Qxb2 20. Qxe3 Qb6 21. Rfb1 Qc7 22. Qd2 Be7 23. a4 Rb8 24. Nc6 bxc6 25. Rxb8 Qa7 26. Rab1 1/2-1/2